000 00840nam a2200241Ia 4500
008 191130s2010##################000#0#eng##
020 _a9789380502267
022 _a2010327666
040 _aACL
_cACL
082 _a358.40092 DIL
100 _aDilbagh Singh
245 _aOn the wings of destiny : an autobiography
_cDilbagh Singh
260 _aNew Delhi
_bKW Publishers in association with Centre for Air Power Studies
_cc2010
300 _axi, 215 p. : ill. (some col. ) ; 25 cm
650 _aDilbagh Singh, 1926-2001
650 _aIndia. Indian Air Force - Biography
650 _aIndia. Indian Air Force - Officers - Biography
650 _aSky marshals - India - Biography
710 _aCentre for Air Power Studies (New Delhi, India)
990 _a2af6a7d1ac10000c7339631f8ed1934f
991 _a281950
999 _c26724
_d26724